000 00437cam a2200181ua 4500
020 _c17.06
041 _aeng
_h
082 _a604.245
_bABB/TH
100 _aAbbott, W .
245 _aTheory and practice of perspective /
_cW.Abbott.
_hTextual Documents
250 _a1 /
_b.
260 _aLondon :
_bBlackie & Son Ltd ,
_c1950.
300 _a198 ; .
365 _a17.06
504 _a
942 _cBK
999 _c1853
_d1853